01357nam a22001697a 4500008004100000022001800041050002900059245013500088250001500223260003500238300001800273440015300291500002000444505068700464700001701151700001901168150128b xxu||||| |||| 00| 0 eng d a9781405763868 aKD310.H3413(5ed. vol.99) aHalsbury's laws of England: Lord Mackay of Clashfern: Lord High Chancellor of Great Britain (1987-97) vol 99. /cedited by Ian Pye a5ed. vol.6 aLondon:bReed Elsevier,c2012. a818p.:c24cm. aHalsbury's laws of England lord mackay of clashfern lord high chancellor of great Britain(1987-97). /pValue added tax, weghts and measuresvvol.99. aIncludes index. aContents: How to use Halsbury's laws of England -- References and abbreviations -- Table of statutes -- Table of statutory instruments -- Table of European Union legislation -- Tables cases -- Introduction -- Rate of value added tax -- The Charge to value added tax -- Exemptions and reliefs -- Special cases -- Accounting and assessment -- Diclosure of tax avoidance schemes -- Offences and penalities -- Enforcement and ancillary powers -- Appeals -- Weights and measures: Legislation -- Administration -- Units and standards of measurement -- Equipment for use for trade -- Public weighing or measuring equipment -- Transactions in goods -- Package goods -- Criminal proceedings. aFrancis Ward aAmanda Willis.